|
|
|
|
| LEADER |
01266nam a2200265 a 4500 |
| 001 |
7736 |
| 003 |
BD-DhAAL |
| 005 |
20150707125500.0 |
| 008 |
150707s1991 nyuab 000 1 eng |
| 010 |
|
|
|a 91017701
|
| 020 |
|
|
|a 0688046606 (acidfree paper) :
|c $23.00 ($29.95 Can.)
|
| 040 |
|
|
|a DLC
|c DLC
|d DLC
|d BD-DhAAL
|
| 050 |
0 |
0 |
|a PR6056.O45
|b N54 1991
|
| 082 |
0 |
0 |
|a 823/.914
|2 20
|
| 100 |
1 |
|
|a Follett, Ken.
|9 12809
|
| 245 |
1 |
0 |
|a Night over water /
|c Ken Follett.
|
| 260 |
|
|
|a New York :
|a Calcutta :
|b Morrow,
|b Rupa,
|c c1991.
|
| 300 |
|
|
|a 406 p. :
|c 18 cm.
|
| 541 |
|
|
|e 7736
|
| 650 |
|
|
|a Transatlantic flights
|v Fiction
|9 12927
|
| 942 |
|
|
|2 ddc
|c BK
|
| 999 |
|
|
|c 34967
|d 34967
|
| 952 |
|
|
|0 0
|1 0
|2 ddc
|4 0
|6 823_000000000000000__914_FOL
|7 0
|9 54826
|a SCL
|b SCL
|c GEN
|d 2015-07-07
|e gift
|l 4
|m 18
|o 823.914 FOL
|p 3020007736
|r 2018-12-03
|s 2018-09-25
|t 1
|w 2015-07-07
|y BK
|
| 952 |
|
|
|0 0
|1 0
|2 ddc
|4 0
|6 823_000000000000000__914_FOL
|7 0
|9 59282
|a SCL
|b SCL
|c GEN
|d 2016-07-17
|e Mukta photostat and book bainding
|g 203.00
|l 2
|m 10
|o 823.914 FOL
|p 3020008667
|r 2017-06-06
|s 2017-05-11
|t 2
|w 2016-07-17
|y BK
|
| 952 |
|
|
|0 0
|1 0
|2 ddc
|4 0
|6 823_000000000000000__914_FOL
|7 0
|9 59412
|a SCL
|b SCL
|c GEN
|d 2016-07-23
|e Mukta photostat and book bainding
|g 203.00
|l 3
|m 18
|o 823.914 FOL
|p 3020008668
|r 2018-12-07
|s 2018-09-27
|t 3
|w 2016-07-23
|y BK
|